000 00933nam a2200241 a 4500
001 39011
003 BD-RjUL
005 20211209052911.0
008 160404t2011 bg ||||e |||| 00| 0 ben d
020 _a9840749137
_cTk. 250.00
035 _a(BD-RjUL)39122
040 _aBD-RjUL
_bben
_cBD-RjUL
041 _aben
082 _223
_a781.090319144
_bGOB 2011
100 _aগোস্বামী, করুনাময়
_9120447
245 1 0 _aবাংলা গানের বিবর্তন /
_cকরুনাময় গোস্বামী
_nপ্রথম খন্ড
260 _aঢাকা :
_bবাংলা একাডেমী,
_c২০১১ [পুনমুদ্র্রণ]
300 _a[১২], ৪২৬ পৃ. ;
_c২০ সেমি.
504 _aগ্রন্থপঞ্জি ;
650 _aBengali songs
_9120463
650 _aবাংলা গান
_9120470
942 _2ddc
_cBK
999 _c39011
_d39011